Effect of lime and phosphogypsum in controlling exchangeable aluminium concentration in acid soils (Record no. 52937)

MARC details
000 -LEADER
fixed length control field 00548nam a2200157Ia 4500
100 ## - MAIN ENTRY--AUTHOR NAME
Personal name Suresh P.R.
245 #0 - TITLE STATEMENT
Title Effect of lime and phosphogypsum in controlling exchangeable aluminium concentration in acid soils
260 ## - PUBLICATION, DISTRIBUTION, ETC. (IMPRINT)
Name of publisher Proceedings of the Eighth Kerala Science Congress, January 1996, Kochi, India, pp. 218-219
Year of publication 1996
650 ## - SUBJECT ADDED ENTRY--TOPICAL TERM
Topical Term Acidic soil
650 ## - SUBJECT ADDED ENTRY--TOPICAL TERM
Topical Term Aluminium toxicity
700 ## - ADDED ENTRY--PERSONAL NAME
Personal name Karthikakuttyamma M.
700 ## - ADDED ENTRY--PERSONAL NAME
Personal name Madhusoodanan P.K.
700 ## - ADDED ENTRY--PERSONAL NAME
Personal name Punnoose K.I.
942 ## - ADDED ENTRY ELEMENTS (KOHA)
Koha item type Bibliography STAF
Holdings
Withdrawn status Lost status Damaged status Not for loan Home library Current library Date acquired Koha item type
      Bibliography RRII Library RRII Library 09/04/2014 Bibliography STAF